Quy định pháp luật về thừa kế
Chế định pháp luật về thừa kế là một trong những chế định quan trọng được quy định trong các văn bản pháp luật như: Bộ luật dân sự, luật hôn nhân và gia đình, luật đất đai,luật sở hữu trí tuệ....
Đã lưu trong:
| 企业作者: | |
|---|---|
| 格式: | 图书 |
| 语言: | Undetermined |
| 出版: |
Hà Nội
Chính trị Quốc gia
2009
|
| 主题: | |
| 标签: |
添加标签
没有标签, 成为第一个标记此记录!
|
| Thư viện lưu trữ: | Trung tâm Học liệu Trường Đại học Cần Thơ |
|---|
| LEADER | 01053nam a2200217Ia 4500 | ||
|---|---|---|---|
| 001 | CTU_143516 | ||
| 008 | 210402s9999 xx 000 0 und d | ||
| 020 | |c 105000 | ||
| 082 | |a 346.59705 | ||
| 082 | |b V308 | ||
| 110 | |a Việt Nam (Cộng hòa xã hội chủ nghĩa) | ||
| 245 | 0 | |a Quy định pháp luật về thừa kế | |
| 245 | 0 | |c Việt Nam (Cộng hòa xã hội chủ nghĩa). Quốc hội | |
| 260 | |a Hà Nội | ||
| 260 | |b Chính trị Quốc gia | ||
| 260 | |c 2009 | ||
| 520 | |a Chế định pháp luật về thừa kế là một trong những chế định quan trọng được quy định trong các văn bản pháp luật như: Bộ luật dân sự, luật hôn nhân và gia đình, luật đất đai,luật sở hữu trí tuệ. | ||
| 650 | |a Inheritance of succession,Private law,Thừa kế,Luật dân sự | ||
| 650 | |z Vietnam | ||
| 904 | |i Tuyến | ||
| 980 | |a Trung tâm Học liệu Trường Đại học Cần Thơ | ||